000 00713nam a2200289Ia 4500
005 20260324150457.0
008 008 260324s9999 xx 000 0 eng d
020 _a9780429059902
037 _aEBOOK
040 _aCRL
040 _beng
040 _cCRL
041 _2eng
041 _aeng
084 _qCRL
100 _aJohn Jewkes
_91226552
245 0 _aPublic and Private Enterprise
245 4 _bThe Lindsay Memorial Lectures given at the University of Keele 1964
260 _bTaylor and Francis
260 _c1965
365 _a
365 _b145
856 _uhttp://www.taylorfrancis.com/books/9780429059902
942 _cEBOOK
999 _c1836060
_d1836060